[Event "Quebec Montcalm op 6th"]
[Site "Quebec"]
[Date "2009.04.09"]
[Round "3"]
[White "Perron, Jonathan"]
[Black "Caire, Francois"]
[Result "0-1"]
[WhiteElo "1949"]
[BlackElo "2229"]
[PlyCount "62"]
[EventDate "2009.03.26"]
[EventType "swiss"]
[EventRounds "5"]
[EventCountry "CAN"]
[SourceTitle "EXT 2011"]
[Source "ChessBase"]
[SourceDate "2010.11.26"]
[SourceVersion "1"]
[SourceVersionDate "2010.11.26"]
[SourceQuality "1"]

1. e4 c5 2. Nf3 Nc6 3. Bb5 g6 4. 0-0 Bg7 5. c3 Nf6 6. Qa4 Qb6 7. Na3 0-0 8. d4 cxd4 9. cxd4 d5 10. exd5 Nxd5 11. Nc4 Qc7 12. Be3 Bd7 13. Rac1 a6 14. Bxc6 Bxc6 15. Qb3 f6 16. Bd2 e6 17. Rfe1 Qd7 18. Qa3 Rfe8 19. Nd6 Bf8 20. Bb4 Red8 21. Ne4 Bxb4 22. Nxf6+ Nxf6 23. Qxb4 Bxf3 24. gxf3 Rac8 25. Rcd1 Qd5 26. Qe7 Rf8 27. Re5 Qxf3 28. Qxe6+ Kh8 29. Rde1 Rce8 30. Qd6 Ne4 31. Rf1 Nxf2 0-1

[Event "Quebec Montcalm op 5th"]
[Site "Quebec"]
[Date "2009.03.12"]
[Round "4"]
[White "Perron, Jonathan"]
[Black "Dube, Daniel"]
[Result "1-0"]
[WhiteElo "1951"]
[BlackElo "1767"]
[PlyCount "111"]
[EventDate "2009.02.19"]
[EventType "swiss"]
[EventRounds "5"]
[EventCountry "CAN"]
[SourceTitle "EXT 2011"]
[Source "ChessBase"]
[SourceDate "2010.11.26"]
[SourceVersion "1"]
[SourceVersionDate "2010.11.26"]
[SourceQuality "1"]

1. e4 c6 2. d4 d5 3. Nc3 dxe4 4. Nxe4 Bf5 5. Ng3 Bg6 6. h4 h6 7. Nf3 Nd7 8. h5 Bh7 9. Bd3 Bxd3 10. Qxd3 e6 11. Bd2 Ngf6 12. Qe2 Qb6 13. 0-0-0 0-0-0 14. Ne5 Nxe5 15. dxe5 Nd5 16. Ne4 Be7 17. Rh3 Nb4 18. a3 Nd5 19. f4 Qc7 20. c4 Nb6 21. c5 Nd5 22. Rb3 Rhg8 23. Kb1 g5 24. g3 gxf4 25. gxf4 Rg7 26. Nd6+ Bxd6 27. cxd6 Qd7 28. f5 exf5 29. Bxh6 Rh7 30. Bg5 Rg8 31. Bh4 Rg4 32. Bf2 Re4 33. Qd2 Rxe5 34. Qd4 Re4 35. Qxa7 Qxd6 36. Qxb7+ Kd8 37. Rg1 Qd7 38. Rg8+ Ke7 39. Qb8 Nc7 40. Rc8 Qd1+ 41. Ka2 Ne6 42. Rxc6 Rxh5 43. Qg8 Qd5 44. Rcb6 Nd8 45. Qg7 Rg4 46. Qf6+ Kd7 47. Rb8 Nc6 48. R8b5 Qc4 49. Rb7+ Ke8 50. Bc5 Rg6 51. Re7+ Kd8 52. Bb6+ Kc8 53. Rc7+ Kb8 54. Rxc6 Rxf6 55. Rxc4 Re6 56. Bd4+ 1-0

[Event "Quebec Montcalm op 5th"]
[Site "Quebec"]
[Date "2009.02.19"]
[Round "1"]
[White "Cummins, Paul"]
[Black "Perron, Jonathan"]
[Result "0-1"]
[WhiteElo "1687"]
[BlackElo "1951"]
[PlyCount "104"]
[EventDate "2009.02.19"]
[EventType "swiss"]
[EventRounds "5"]
[EventCountry "CAN"]
[SourceTitle "EXT 2011"]
[Source "ChessBase"]
[SourceDate "2010.11.26"]
[SourceVersion "1"]
[SourceVersionDate "2010.11.26"]
[SourceQuality "1"]

1. d4 Nf6 2. Bg5 e6 3. e4 h6 4. Bxf6 Qxf6 5. Nf3 d5 6. e5 Qd8 7. Bd3 c5 8. c3 Be7 9. 0-0 0-0 10. Qe2 Nc6 11. dxc5 Bxc5 12. Nbd2 f6 13. b4 Bb6 14. b5 Nxe5 15. Nxe5 fxe5 16. Qxe5 Bc7 17. Qh5 e5 18. Rae1 e4 19. Nxe4 dxe4 20. Bxe4 Qd6 21. c4 Bb6 22. Bd5+ Kh8 23. Re8 Bd7 24. Rxa8 Rxa8 25. Bxb7 Rf8 26. Bf3 Rf5 27. Qh4 Be6 28. Qe4 Rf4 29. Qa8+ Kh7 30. Be4+ g6 31. g3 Rf8 32. Qb7+ Rf7 33. Qc6 Qxc6 34. bxc6 Bxc4 35. Rd1 Rxf2 36. Kh1 Rf1+ 37. Rxf1 Bxf1 38. h4 Kg7 39. Bf3 Kf6 40. Be4 Bc4 41. a3 Be6 42. Kg2 Bf5 43. Bd5 Ke5 44. Bb3 Be4+ 45. Kf1 Bxc6 46. Ke2 Bc5 47. a4 a5 48. Kd3 Bf2 49. g4 Bxh4 50. Bd1 Bd5 51. Ke3 Bg5+ 52. Kd3 Kf4 0-1

[Event "Quebec Montcalm op 4th"]
[Site "Quebec"]
[Date "2009.02.05"]
[Round "4"]
[White "Perron, Jonathan"]
[Black "Sauve, Richard"]
[Result "1-0"]
[WhiteElo "1894"]
[BlackElo "2012"]
[PlyCount "77"]
[EventDate "2009.01.15"]
[EventType "swiss"]
[EventRounds "5"]
[EventCountry "CAN"]
[SourceTitle "EXT 2011"]
[Source "ChessBase"]
[SourceDate "2010.11.26"]
[SourceVersion "1"]
[SourceVersionDate "2010.11.26"]
[SourceQuality "1"]

1. e4 e6 2. d4 d5 3. Nd2 Nf6 4. e5 Nfd7 5. Ngf3 c5 6. c3 Nc6 7. Bd3 g6 8. 0-0 Bg7 9. Re1 0-0 10. Bb5 cxd4 11. cxd4 Qb6 12. Bxc6 bxc6 13. b3 Bb7 14. Bb2 c5 15. dxc5 Qxc5 16. Rc1 Qa5 17. a3 Rfc8 18. b4 Qa6 19. Qb3 Bc6 20. Qe3 Ba4 21. Ng5 h6 22. Ngf3 Bc2 23. Qf4 Qd3 24. h4 Ba4 25. Re3 Rxc1+ 26. Bxc1 Qa6 27. h5 Nf8 28. hxg6 Nxg6 29. Qg4 Rc8 30. Bb2 Rc2 31. Bd4 Rc1+ 32. Kh2 Bd1 33. Bc5 Ra1 34. Qd4 Rxa3 35. b5 Rxe3 36. bxa6 Rxf3 37. Nxf3 Bxf3 38. Bd6 Be2 39. Qxa7 1-0

[Event "Quebec Montcalm op 4th"]
[Site "Quebec"]
[Date "2009.01.29"]
[Round "3"]
[White "Drolet, Stephane"]
[Black "Perron, Jonathan"]
[Result "1/2-1/2"]
[WhiteElo "2121"]
[BlackElo "1894"]
[PlyCount "71"]
[EventDate "2009.01.15"]
[EventType "swiss"]
[EventRounds "5"]
[EventCountry "CAN"]
[SourceTitle "EXT 2011"]
[Source "ChessBase"]
[SourceDate "2010.11.26"]
[SourceVersion "1"]
[SourceVersionDate "2010.11.26"]
[SourceQuality "1"]

1. d4 Nf6 2. Nf3 e6 3. Bg5 h6 4. Bh4 d6 5. c4 Nbd7 6. Nc3 g5 7. Bg3 Bg7 8. e4 Nh5 9. d5 Nxg3 10. hxg3 Bxc3+ 11. bxc3 e5 12. g4 Nc5 13. Nd2 Qf6 14. Be2 Bd7 15. g3 a5 16. Qb1 Qg6 17. Rh5 Ra6 18. f3 Rb6 19. Qc2 0-0 20. Rh3 Ra8 21. Kf2 Ba4 22. Qc1 Kg7 23. Rb1 Raa6 24. Rxb6 Rxb6 25. Qa3 Qf6 26. Kg2 Bc2 27. Nf1 Bd3 28. Ne3 Bxe2 29. Nf5+ Kh7 30. Qxa5 Na6 31. Qa4 Qd8 32. Rxh6+ Kg8 33. Qa3 Rb1 34. Qa4 c6 35. c5 Nxc5 36. Qa7 1/2-1/2